| 000 | 01147nam a2200241Ii 4500 | ||
|---|---|---|---|
| 003 | JO-AjNU | ||
| 005 | 20240629095853.0 | ||
| 008 | 230605s9999||||xx |||||||||||||| ||und|| | ||
| 040 |
_aJO-AjNU _bara _erda _cJO-AjNU |
||
| 041 | _aara | ||
| 050 | 1 | 4 | _aK2400.2022 |
| 100 |
_aدواغره، عدنان عبد القادر يوسف _eمعد _965745 |
||
| 245 | 0 | 0 |
_aالطبيعة القانونية لحكم التحكيم الالكتروني(دراسة مقارنة)=The legal nature of the electronic arbitration rulig(a comparative study _c/ اعداد عدنان عبد القادر يوسف دواغره ؛ اشراف محمد علي بني مقداد |
| 264 | 3 | 1 | _a2022 |
| 300 | _a86 ورقة | ||
| 336 |
_atext _btxt _2rdacontent |
||
| 337 |
_aunmediated _bn _2rdamedia |
||
| 338 |
_avolume _bnc _2rdacarrier |
||
| 500 | _aرسالة جامعية(اطروحة ماجستير) تخصص القانون /كليةالحقوق جامعة عجلون الوطنية، 2022 | ||
| 650 | 4 |
_aالتحكيم الالكتروني-قوانين وتشريعات _962520 |
|
| 700 |
_aمحمد علي بني مقداد _eمشرف _965748 |
||
| 942 |
_2lcc _cTHS |
||
| 999 |
_c31882 _d31882 |
||